عرض عادي عرض مارك
  • Laboratory Techniques and Procedures

مدخل مصطلح موضوعي

عدد التسجيلات المستخدمة في: 2

001 - رقم الضبط

  • حقل الضبط: 11026

003 - معرف رقم الضبط

  • حقل الضبط: OSt

005 - تاريخ ووقت أخر عملية

  • حقل الضبط: 20120417002901.0

008 - عناصر بيانات ثابتة الطول

  • حقل تحكم ثابت الطول: 120417|||a|||||| | ||| d

040 ## - مصدر الفهرسة

  • هيئة الفهرسة الأصلية: OSt
  • وكالة الكتابة: OSt

150 ## - مدخل-- مصطلح تاريخي

  • عنصر مدخل المصطلح الموضوعي او الاسم الجغرافي: Laboratory Techniques and Procedures
  • تفريع شكلي: nurses' instruction.

670 ## - بيانات المصدر موجوده

  • الاستشهاد بالمصدر: Work cat.: (OSt)21996: Kee, Joyce LeFever. 11025, Laboratory & diagnostic tests with nursing implications /, c2011.